000 00535nam a2200181Ia 4500
008 090630s9999 xx 000 0 und d
082 _b19653
100 _aकदम वि. द.
245 _aभाषणबाजी.
_cकदम वि. द.
260 _bमनोकामना - सांगली.
_c2000
300 _a88
600 _aकदम वि. द.
630 _aभाषणबाजी.
655 _aइतर.
700 _aकदम वि. द.
730 _aभाषणबाजी.
942 _cBOOK
999 _c271509
_d271509